000 00326nam a2200145Ia 4500
008 191201s2010 xx 000 0 und d
082 _a657.3
_bBEF
100 _aBERK,Jonathan
245 0 _aFinancial Management
250 _aIMP
260 _aN.Delhi
_bPearson
_c2010
300 _a982+22
650 _aMBA
942 _2ddc
_cBK
999 _c4154
_d4154